Language Quiz

Random Language or Letter Quiz

Giant Word Hourglass III Quiz Stats

 Plays Quiz not verified by Sporcle

Challenge
Share
Tweet
Embed
Score 0/21 Timer 05:00
0 Plays Today
Description Word % Correct
The fifteenth letter of the English alphabetO
100%
To suffer decomposition due to biological actionROT
97.1%
In the direction of, and arriving at a destinationTO
97.1%
Connects at least two alternative wordsOR
97.1%
The tumultuous disturbance of the public peace by an unlawful assemblyRIOT
94.3%
Of, or pertaining to the largest blood vessel in the human bodyAORTIC
85.7%
Groups of three people or thingsTRIOS
82.9%
A craggy outcrop of rock on the summit of a hillTOR
80%
One who has committed the act of illegally setting fire to propertyARSONIST
74.3%
Literature, art or decoration tending to arouse sexual desireEROTICA
68.6%
The relative magnitudes of two quantitiesRATIO
65.7%
Description Word % Correct
Portions out, especially during a shortage of supplyRATIONS
57.1%
A pancake-like pastry, common in India, often stuffed with curryROTI
45.7%
Young women in or from a Hispanophone communitySENORITAS
37.1%
Luxuriant jungles rich in biodiversity, typically found in tropical areasRAINFORESTS
31.4%
The teeth on the edge of a typical bread knifeSERRATIONS
25.7%
An orange-flavoured triple sec liqueur produced in FranceCOINTREAU
22.9%
All which existsCREATION
22.9%
A measure taken beforehand to secure successPRECAUTION
14.3%
Of, or relating to any disease of the peripheral nervous systemNEUROPATHIC
5.7%
A sudden inexpressible feeling of inner understanding or enlightenmentSATORI
5.7%

You're not logged in!

Compare scores with friends on all Sporcle quizzes.
OR
Log In

You Might Also Like...

Show Comments

Extras

Top Quizzes Today


Score Distribution

Your Account Isn't Verified!

In order to create a playlist on Sporcle, you need to verify the email address you used during registration. Go to your Sporcle Settings to finish the process.

Report this User

Report this user for behavior that violates our Community Guidelines.

Details: